| 000 -LEADER |
| fixed length control field |
02108cam a2200361 i 4500 |
| 001 - CONTROL NUMBER |
| control field |
20283777 |
| 003 - CONTROL NUMBER IDENTIFIER |
| control field |
NUST |
| 005 - DATE AND TIME OF LATEST TRANSACTION |
| control field |
20220812122405.0 |
| 008 - FIXED-LENGTH DATA ELEMENTS--GENERAL INFORMATION |
| fixed length control field |
180118s2017 pk a 000 0aeng |
| 010 ## - LIBRARY OF CONGRESS CONTROL NUMBER |
| LC control number |
2018322057 |
| 020 ## - INTERNATIONAL STANDARD BOOK NUMBER |
| International Standard Book Number |
9780199407613 |
| 025 ## - OVERSEAS ACQUISITION NUMBER |
| Overseas acquisition number |
P-E-2018322057; 15 |
| 037 ## - SOURCE OF ACQUISITION |
| Source of stock number/acquisition |
Library of Congress -- Islamabad Overseas Office |
| 040 ## - CATALOGING SOURCE |
| Original cataloging agency |
DLC |
| Language of cataloging |
eng |
| Transcribing agency |
DLC |
| Description conventions |
rda |
| 042 ## - AUTHENTICATION CODE |
| Authentication code |
lcode |
| -- |
pcc |
| 043 ## - GEOGRAPHIC AREA CODE |
| Geographic area code |
a-pk--- |
| 050 00 - LIBRARY OF CONGRESS CALL NUMBER |
| Classification number |
DS385.A48 |
| Item number |
A54 2017 |
| 082 ## - DEWEY DECIMAL CLASSIFICATION NUMBER |
| Classification number |
327.2092, AKH |
| 100 1# - MAIN ENTRY--PERSONAL NAME |
| Personal name |
Akhund, Iqbal, |
| Relator term |
author. |
| 9 (RLIN) |
96987 |
| 245 10 - TITLE STATEMENT |
| Title |
Of pearls and pecks of straw : |
| Remainder of title |
recollections, essays, after-thoughts / |
| Statement of responsibility, etc. |
Iqbal Akhund. |
| 250 ## - EDITION STATEMENT |
| Edition statement |
First edition. |
| 264 #1 - PRODUCTION, PUBLICATION, DISTRIBUTION, MANUFACTURE, AND COPYRIGHT NOTICE |
| Place of production, publication, distribution, manufacture |
Karachi : |
| Name of producer, publisher, distributor, manufacturer |
Oxford University Press, |
| Date of production, publication, distribution, manufacture, or copyright notice |
2017. |
| 300 ## - PHYSICAL DESCRIPTION |
| Extent |
xxvii, 227 pages : |
| Other physical details |
illustrations (some in color) ; |
| Dimensions |
22 cm |
| 336 ## - CONTENT TYPE |
| Content type term |
text |
| Content type code |
txt |
| Source |
rdacontent |
| 337 ## - MEDIA TYPE |
| Media type term |
unmediated |
| Media type code |
n |
| Source |
rdamedia |
| 338 ## - CARRIER TYPE |
| Carrier type term |
volume |
| Carrier type code |
nc |
| Source |
rdacarrier |
| 505 ## - FORMATTED CONTENTS NOTE |
| Formatted contents note |
<br/><br/>The past disappeared in one stroke (Page-1), 'Where are such men (Page-9),Time, like a dark wind (Page-18),'Wa raqs mi kunad (Page-31), forgotten page (Page-36), journey of which I knew not the destination (Page-42),Reshmi Rumaal (Page-52),Purdah (Page-55),Emancipation (Page-60),Westernization (Page-66),Paris of the East (Page-73),Leftovers (Page-80),Solitary, not lonely (Page-86),Homebodies (Page-97),Tiffin carriers and holdalls (Page-117),East is East and West is West (Page-124), Showpang (Page-128), The demon drink (Page-132), School (Page-137), Joe, Jim, Jam (Page-142),Two Nations (Page-150), Pakistan ka matlab kya (Page-154), Urdish/Hindlish (Page-161), Feudal interlude (Page-166), Veracity, loyalty, modesty (Page-174), When France was France (Page-179), And yet (Page-183), Sole superpower (Page-187), Latvia (Page-193), Law of the jungle (Page-201), Unusual encounters (Page-207).<br/> |
| 600 10 - SUBJECT ADDED ENTRY--PERSONAL NAME |
| Personal name |
Akhund, Iqbal. |
| 9 (RLIN) |
96987 |
| 650 #0 - SUBJECT ADDED ENTRY--TOPICAL TERM |
| Topical term or geographic name entry element |
Diplomats |
| Geographic subdivision |
Pakistan |
| Form subdivision |
Biography. |
| 9 (RLIN) |
96988 |
| 906 ## - LOCAL DATA ELEMENT F, LDF (RLIN) |
| a |
7 |
| b |
cbc |
| c |
origode |
| d |
3 |
| e |
ncip |
| f |
20 |
| g |
y-gencatlg |
| 942 ## - ADDED ENTRY ELEMENTS (KOHA) |
| Source of classification or shelving scheme |
|
| Koha item type |
Book |